Modules of the International Space Station - Statistics

General Stats
  • This quiz has been taken 20 times
  • The average score is 13 of 45
Answer Stats
Module % Correct
Unity
85%
Zvezda
85%
Columbus
77%
Cupola
77%
Harmony
77%
Zarya
77%
Destiny
62%
Pirs
62%
Poisk
54%
Canadarm2
46%
Tranquility
46%
P3/P4 Truss
38%
Quest Airlock
38%
BEAM
31%
Leonardo
31%
P1 Truss
31%
P6 Truss
31%
PMA-1
31%
PMA-2
31%
Rassvet
31%
S1 Truss
31%
S3/S4 Truss
31%
Z1 Truss
31%
P5 Truss
23%
PMA-3
23%
S0 Truss
23%
S6 Truss
23%
Dextre
15%
S5 Truss
15%
IDA-2
8%
IDA-3
8%
AMS-02
0%
ELC-1
0%
ELC-2
0%
ELC-3
0%
ELC-4
0%
ESP-1
0%
ESP-2
0%
ESP-3
0%
Experiment Logistics Module
0%
JEM Pressurized Module
0%
JEM Remote Manipulator System
0%
Kibo Exposed Facility
0%
Mobile Base Station
0%
OBSS
0%
No matching quizzes found
Score Distribution
Percent of People with Each Score
Percentile by Number Answered
Your Score History
You have not taken this quiz